000 00900nam a2200241Ia 4500
003 GCL
008 140319s9999 xx 000 0 ara d
040 _aGCL /
_cGCL
082 0 4 _a621.31
_bم ت
100 1 _aمظفر انور النعمة
245 1 0 _aالتاسيسات والمكائن الكهربائية /
_cمظفر انور النعمة
700 1 _aنورى باوى داؤد
700 1 _aجبار عبيد كاظم
260 _aالاردن :
_bدار اليازورى العلمية للنشر والتوزيع ،
_c2006
300 _a336 ص ؛
_c24 سم
650 0 4 _aالطاقة الكهربائية
650 0 4 _aالدوائر الكهربائية
650 0 4 _aالمحركات الكهربائية
650 0 4 _aالكهرباء - توزيع
650 0 4 _aالكهرباء - مواصفات الامان
650 0 4 _aالكهرباء - تحكم
942 _2ddc
_cBK
999 _c8374
_d8374